Online
Catalog

Del buen salvaje al buen revolucionario : (Record no. 7265)

MARC details
000 -CABECERA
campo de control de longitud fija 00829cam a2200217 a 4500
001 - NÚMERO DE CONTROL
campo de control 000007484
005 - FECHA Y HORA DE LA ÚLTIMA TRANSACCIÓN
campo de control 20251105110124.0
008 - DATOS DE LONGITUD FIJA--INFORMACIÓN GENERAL
campo de control de longitud fija 790320s1986 ag b 000 0 spa
020 ## - NÚMERO INTERNACIONAL ESTÁNDAR DEL LIBRO
Número Internacional Estándar del Libro 8437700493
040 ## - FUENTE DE LA CATALOGACIÓN
Centro catalogador/agencia de origen DO-SdBNP
Lengua de catalogación spa
Centro/agencia modificador BNPHU
082 ## - NÚMERO DE LA CLASIFICACIÓN DECIMAL DEWEY
Número de clasificación 980.98
Número de documento/Ítem R196b
049 ## - FONDOS LOCALES (OCLC)
Fondos de biblioteca BNGR
100 1# - ENTRADA PRINCIPAL--NOMBRE DE PERSONA
Nombre de persona Rangel, Carlos
Forma completa/desarrollada del nombre (Carlos Enrique Rangel Guevara)
Fechas asociadas al nombre 1929-1988.
9 (RLIN) 20796
245 10 - MENCIÓN DE TÍTULO
Título Del buen salvaje al buen revolucionario :
Resto del título mitos y realidades de América Latina /
Mención de responsabilidad, etc. ; prólogo, Jean-François Revel.
246 13 - FORMA VARIANTE DE TÍTULO
Título propio/Titulo breve Del buen salvaje al buen revolucionario
Resto del título una interpretación nueva sobre Latinoamérica
260 ## - PUBLICACIÓN, DISTRIBUCIÓN, ETC.
Lugar de publicación, distribución, etc. Argentina :
Nombre del editor, distribuidor, etc. Kosmo,
Fecha de publicación, distribución, etc. 1986.
300 ## - DESCRIPCIÓN FÍSICA
Extensión 267 p: ;
Dimensiones 24 cm.
504 ## - NOTA DE BIBLIOGRAFÍA, ETC.
Nota de bibliografía, etc. Incluye referencias bibliográficas
651 #0 - PUNTO DE ACCESO ADICIONAL DE MATERIA--NOMBRE GEOGRÁFICO
Nombre geográfico América Latina
Subdivisión general Civilización
9 (RLIN) 16665
700 1# - PUNTO DE ACCESO ADICIONAL--NOMBRE DE PERSONA
Nombre de persona Revel, Jean-François,
Término indicativo de función/relación pról.
9 (RLIN) 20797
Holdings
Estado de retiro Estado de pérdida Restricciones de uso No para préstamo Código de colección Localización permanente Ubicación/localización actual Ubicación en estantería Fecha de adquisición Número de inventario Total de préstamos Signatura topográfica completa Código de barras Fecha visto por última vez Precio válido a partir de Tipo de ítem Koha
      Excluido de préstamo Monografías: Libros y Folletos General General Depósito 08.09.2009 LF1   980.98 R196b 7484-10 25.06.2020 25.06.2020 No se presta

Powered by Koha